[Event "FISTON - PAPA n°2"]
[Site "http://www.queenalice.com/game.php?id=392264"]
[Date "2008.4.23"]
[Round "-"]
[White "enzoiazo"]
[Black "enzoiazolevrai"]
[Result "1-0"]
[WhiteElo "2210"]
[BlackElo "1769"]

1. e4 e5 2. Nc3 Nc6 3. g3 Bc5 4. Bg2 Nge7 5. d3 O-O 6. Nge2 d6 7. O-O Be6 8. h3
d5 9. Kh2 h6 10. f4 exf4 11. Nxf4 Qd7 12. exd5 Ng6 13. dxc6 bxc6 14. Nxe6 Qxe6
15. Be4 f5 16. Bg2 Bd6 17. Bf4 Rf7 18. Qe2 Nxf4 19. gxf4 Qxe2 20. Nxe2 Re8 21.
Rae1 g5 22. Bxc6 Ree7 23. Bd5 Kg7 24. Bxf7 Rxf7 25. Kg2 1-0

[Event "FISTON - PAPA n°4"]
[Site "http://www.queenalice.com/game.php?id=392266"]
[Date "2008.4.23"]
[Round "-"]
[White "enzoiazo"]
[Black "enzoiazolevrai"]
[Result "1-0"]
[WhiteElo "2209"]
[BlackElo "1771"]

1. d4 d5 2. c4 e6 3. Nf3 c5 4. cxd5 exd5 5. Nc3 Nf6 6. g3 Be6 7. Bg2 Nbd7 8. O-O
Be7 9. Bg5 O-O 10. Qb3 cxd4 11. Nxd4 Nb6 12. Rac1 h6 13. Bxf6 Bxf6 14. Nxe6 fxe6
15. e3 d4 16. Qxe6+ Kh8 17. exd4 Qxd4 18. Rcd1 Qb4 19. Be4 Rae8 20. Qf5 Kg8 21.
Qh7+ Kf7 22. Bg6+ Ke6 23. Rfe1+ Be5 24. Bxe8 Rxe8 25. Qg6+ 1-0

[Event "FISTON - PAPA n°5"]
[Site "http://www.queenalice.com/game.php?id=392267"]
[Date "2008.4.23"]
[Round "-"]
[White "enzoiazolevrai"]
[Black "enzoiazo"]
[Result "0-1"]
[WhiteElo "1781"]
[BlackElo "2228"]

1. d4 Nf6 2. e3 g6 3. Bd3 Bg7 4. Nf3 O-O 5. O-O d5 6. b3 c6 7. Bb2 Bg4 8. h3
Bxf3 9. Qxf3 Nbd7 10. Re1 Qc7 11. Nd2 e5 12. dxe5 Nxe5 13. Qg3 Rae8 14. c4 Qe7
15. Bxe5 Qxe5 16. f4 Qc3 17. Bf1 Qxd2 18. Red1 Qxe3+ 19. Qxe3 Rxe3 20. cxd5 Nxd5
21. Rac1 Nxf4 22. Kf2 Re7 23. a4 Rfe8 0-1

[Event "FISTON - PAPA n°6"]
[Site "http://www.queenalice.com/game.php?id=392268"]
[Date "2008.4.23"]
[Round "-"]
[White "enzoiazo"]
[Black "enzoiazolevrai"]
[Result "1-0"]
[WhiteElo "2174"]
[BlackElo "1814"]

1. c4 g6 2. Nc3 Bg7 3. Nf3 e6 4. d4 Ne7 5. e4 c6 6. Bg5 O-O 7. Qd2 Na6 8. h4 Nc7
9. h5 gxh5 10. Rxh5 f6 11. Bh6 Qe8 12. Rh2 d5 13. Bxg7 Kxg7 14. Qh6+ Kf7 15.
Qxh7# 1-0

[Event "YouLoseSorry-2"]
[Site "http://www.queenalice.com/game.php?id=400697"]
[Date "2008.5.9"]
[Round "2"]
[White "enzoiazolevrai"]
[Black "charles31"]
[Result "1/2-1/2"]
[WhiteElo "1813"]
[BlackElo "1757"]

1. d4 e6 2. e4 Bb4+ 3. c3 Ba5 4. Nd2 d5 5. e5 Qe7 6. Qa4+ Nc6 7. Bb5 Bb6 8.
Bxc6+ bxc6 9. Qxc6+ Qd7 10. Qxa8 Ne7 11. c4 dxc4 12. Nxc4 Nc6 13. Nxb6 cxb6 14.
Be3 O-O 15. d5 exd5 16. Nf3 Bb7 17. Qxf8+ Kxf8 18. O-O d4 19. Rad1 Qg4 20. Bxd4
Nxd4 21. Rxd4 Qe6 22. Rfd1 g6 23. Rd6 Qg4 24. Ne1 Kg7 25. R6d4 Qg5 26. f4 Qg4
27. h3 Qg3 28. e6 Qe3+ 29. Kh1 Qxe6 30. b3 b5 31. Kh2 Qe3 32. Rd7 Qxf4+ 33. Kg1
Qe3+ 34. Kh2 Bc8 35. R7d3 1/2-1/2

[Event "AUTO-ADV-914"]
[Site "http://www.queenalice.com/game.php?id=405604"]
[Date "2008.5.20"]
[Round "1"]
[White "enzoiazolevrai"]
[Black "josecastroman"]
[Result "0-1"]
[WhiteElo "1819"]
[BlackElo "1898"]

1. d4 d5 2. Nf3 Nc6 3. Bf4 h6 4. h3 Bf5 5. e3 a6 6. Bd3 e6 7. O-O Nf6 8. Nbd2
Bd6 9. Bxd6 Qxd6 10. Re1 O-O-O 11. e4 dxe4 12. Nxe4 Nxe4 13. Bxe4 Bxe4 14. Rxe4
f5 15. Re3 Nxd4 16. Nxd4 Rhe8 17. Rd3 Qe7 18. Qe2 g6 19. Re1 e5 20. Nf3 Rxd3 21.
Qxd3 Qc5 22. Qc3 Qxc3 23. bxc3 e4 24. g4 Re7 25. gxf5 gxf5 26. Nd4 Rf7 27. f3
exf3 28. Nxf3 f4 0-1

[Event "AUTO-ADV-914"]
[Site "http://www.queenalice.com/game.php?id=405605"]
[Date "2008.5.20"]
[Round "1"]
[White "josecastroman"]
[Black "enzoiazolevrai"]
[Result "1-0"]
[WhiteElo "1911"]
[BlackElo "1806"]

1. e4 e6 2. Nf3 d5 3. exd5 exd5 4. d4 Bf5 5. Nc3 Nf6 6. Bg5 Be7 7. Qe2 O-O 8.
O-O-O Nc6 9. h3 Re8 10. Qd2 Ne4 11. Nxe4 dxe4 12. Bxe7 Rxe7 13. Nh4 Bg6 14. g3
Qd5 15. c4 e3 16. fxe3 Qxh1 17. Bg2 Qh2 18. Qf2 Be4 19. Nf3 Bxf3 20. Qxf3 Rae8
21. Rh1 Qxh1+ 22. Bxh1 Rxe3 23. Qd5 Rd8 24. Qg5 Re1+ 25. Kd2 Rxh1 26. d5 f6 27.
Qf4 Ne5 28. g4 h6 29. b3 1-0

[Event "AUTO-ADV-914"]
[Site "http://www.queenalice.com/game.php?id=405606"]
[Date "2008.5.20"]
[Round "1"]
[White "enzoiazolevrai"]
[Black "SRIVERO"]
[Result "0-1"]
[WhiteElo "1753"]
[BlackElo "1822"]

1. d4 d5 2. Nf3 Nf6 3. Bf4 Nc6 4. e3 Bg4 5. Be2 g6 6. O-O Bg7 7. Nbd2 O-O 8. h3
Bd7 9. Bd3 Nb4 10. Be2 Re8 11. c3 Qc8 12. cxb4 a6 13. Rc1 c6 14. Bd3 Nh5 15. Be5
f6 16. Bh2 g5 17. Nb3 b6 18. Nfd2 e5 19. dxe5 fxe5 20. Qxh5 Bf5 21. Bxf5 Qxf5
22. Rxc6 Qf7 23. Qxg5 Re6 24. Rxe6 Qxe6 25. f4 exf4 26. Bxf4 h6 27. Qg4 Re8 28.
Qxe6+ Rxe6 29. Nd4 Bxd4 30. exd4 Re2 31. a4 Kg7 32. b5 axb5 0-1

[Event "AUTO-ADV-914"]
[Site "http://www.queenalice.com/game.php?id=405607"]
[Date "2008.5.20"]
[Round "1"]
[White "SRIVERO"]
[Black "enzoiazolevrai"]
[Result "1-0"]
[WhiteElo "1808"]
[BlackElo "1767"]

1. e4 e6 2. c4 d5 3. cxd5 exd5 4. exd5 Qxd5 5. Nc3 Qd8 6. Nf3 Nf6 7. Bb5+ Bd7 8.
Ne5 Bxb5 9. Qb3 Qe7 10. Qxb5+ c6 11. Qe2 Nbd7 12. Nxd7 Qxe2+ 13. Kxe2 Nxd7 14.
d4 Be7 15. h4 c5 16. dxc5 Nxc5 17. b3 O-O-O 18. Bf4 Bf6 19. Rac1 Rhe8+ 20. Kf1
Nd3 21. Nb5+ Nxc1 22. Nxa7+ Kd7 23. g3 Nd3 24. Kg2 Nxf4+ 25. gxf4 Ra8 26. Rd1+
Ke6 27. Nb5 Rec8 28. Rd6+ Ke7 29. Kh3 Ra5 30. Rd5 Rxa2 31. Nd6 Rc3+ 32. Kg4 g6
33. Ne4 1-0

[Event "AUTO-ADV-914"]
[Site "http://www.queenalice.com/game.php?id=405608"]
[Date "2008.5.20"]
[Round "1"]
[White "enzoiazolevrai"]
[Black "mett"]
[Result "0-1"]
[WhiteElo "1779"]
[BlackElo "2078"]

1. d4 Nf6 2. Nf3 b6 3. b3 Bb7 4. Nbd2 g6 5. Bb2 Bg7 6. e3 O-O 7. Bd3 d5 8. O-O
Nbd7 9. Re1 Ne4 10. c4 e6 11. Qc2 Nxd2 12. Nxd2 c6 13. cxd5 cxd5 14. Rac1 Rc8
15. Qb1 Qe7 16. e4 Qb4 17. Nf3 dxe4 18. Bxe4 Bxe4 19. Rxe4 Nf6 20. Ree1 Nd5 21.
h3 Bh6 22. Rxc8 Rxc8 23. Rd1 Bf4 24. Qd3 a5 25. g3 Bd6 0-1

[Event "AUTO-ADV-914"]
[Site "http://www.queenalice.com/game.php?id=405609"]
[Date "2008.5.20"]
[Round "1"]
[White "mett"]
[Black "enzoiazolevrai"]
[Result "1-0"]
[WhiteElo "2082"]
[BlackElo "1775"]

1. e4 e6 2. b3 d5 3. e5 c5 4. Bb2 Nc6 5. Nf3 Nge7 6. Bb5 Bd7 7. O-O Nf5 8. Bxc6
Bxc6 9. d3 Be7 10. Nbd2 O-O 11. Qe2 a6 12. c3 h6 13. d4 Qb6 14. g4 Nh4 15. Nxh4
Bxh4 16. f4 cxd4 17. cxd4 Bb5 18. Qf3 Bxf1 19. Rxf1 Rac8 20. Qd3 Qb5 21. Qxb5
axb5 22. Nf3 Rc2 23. Ba3 Ra8 24. Bd6 Bd8 25. a3 Bb6 26. Rf2 Rxf2 27. Kxf2 1-0

[Event "Challenge"]
[Site "http://www.queenalice.com/game.php?id=407683"]
[Date "2008.5.24"]
[Round "-"]
[White "cyrilledeLePin"]
[Black "enzoiazolevrai"]
[Result "1-0"]
[WhiteElo "1817"]
[BlackElo "1811"]

1. e4 e5 2. Nf3 d6 3. d4 Nc6 4. dxe5 dxe5 5. Qxd8+ Kxd8 6. Bb5 Bd6 7. Bxc6 bxc6
8. Nc3 f5 9. O-O f4 10. Rd1 Bg4 11. Rd3 Nf6 12. Nxe5 Ke7 13. Nxc6+ Ke6 14. f3
1-0